Economics of aquaculture, sea fishing and coastal resource use in Asia

Đã lưu trong:
Sonraí Bibleagrafaíochta
Formáid: Leabhar
Teanga:Undetermined
Foilsithe: Philippine Agricultural Development Coucil 1979
Ábhair:
Clibeanna: Cuir Clib Leis
Gan Chlibeanna, Bí ar an gcéad duine leis an taifead seo a chlibeáil!
Thư viện lưu trữ: Trung tâm Học liệu Trường Đại học Cần Thơ
LEADER 00510nam a2200157Ia 4500
001 CTU_5759
008 210402s9999 xx 000 0 und d
082 |a 333.952 
082 |b E19 
245 0 |a Economics of aquaculture, sea fishing and coastal resource use in Asia 
245 0 |c Aida R. Librero 
260 |a Philippine 
260 |b Agricultural Development Coucil 
260 |c 1979 
650 |a asia - economic conditions,asia - natural resources 
980 |a Trung tâm Học liệu Trường Đại học Cần Thơ